Sheremetyevo International Airport Destinations (Moscow, Russia) - Statistics

General Stats
  • This quiz has been taken 125 times
    42 since last reset
  • The average score is 77 of 141
Answer Stats
Airline Destination % Correct
Aeroflot/Etihad Airlines Abu Dhabi
97%
Aeroflot/Rossiya Airlines Baku
97%
Air China/Hainan Airlines Beijing (Capital)
97%
Aeroflot/China Eastern Airlines/China Southern Airlines Beijing (Daxing)
97%
Aeroflot Dubai (International)
97%
Aeroflot/China Southern Airlines Guangzhou
97%
Aeroflot/Nordwind Airlines/Pobeda/Rossiya Airlines/Smartavia Saint Petersburg
97%
Aeroflot/Rossiya Airlines/SCAT Airlines Almaty
93%
Aeroflot/Rossiya Airlines/SCAT Airlines Astana
93%
Qatar Airways Doha
93%
Aeroflot Ho Chi Minh City
93%
Aeroflot Hong Kong
93%
Aeroflot/Rossiya Airlines/Southwind Airlines Istanbul
93%
Saudia Riyadh
93%
Air Serbia Belgrade
90%
Sichuan Airlines Chengdu (Tianfu)
90%
Vietnam Airlines Hanoi
90%
Aeroflot/Nordwind Airlines/Pobeda/Smartavia Kazan
90%
Oman Air Muscat
90%
Aeroflot/China Eastern Airlines Shanghai (Pudong)
90%
Aeroflot Vladivostok
90%
Air Algérie Algiers
86%
Aeroflot Bangkok (Suvarnabhumi)
86%
Aeroflot Bishkek
86%
Royal Air Maroc Casablanca
86%
Tianjin Airlines Chongqing
86%
Aeroflot Delhi
86%
Ariana Afghan Airlines Kabul
86%
Aeroflot/Belavia Minsk
86%
Aeroflot/Mahan Air/Nordwind Airlines Tehran (Imam Khomeini)
86%
Armenian Ailrines/Shirak Avia Yerevan
86%
Aeroflot/Nordwind Airlines/Pobeda/Rossiya Airlines/Smartavia Sochi
83%
Aeroflot/Centrum Air Tashkent
83%
Aeroflot/Azur Air/Nordwind Airlines/Rossiya Airlines/Southwind Airlines Antalya
79%
Aeroflot/Pobeda/Rossiya Airlines/Smartavia Murmansk
79%
Aeroflot/Pobeda/Rossiya Airlines Ufa
79%
China Southern Airlines Wuhan
79%
Aeroflot/Pobeda/Rossiya Airlines/Smartavia Yekaterinburg
79%
Aeroflot Cairo
76%
Aeroflot/Pobeda/Rossiya Airlines Chelyabinsk
76%
Aeroflot/Nordwind Airlines/Pobeda/Rossiya Airlines/Smartavia Kaliningrad
76%
Aeroflot/Pobeda/Rossiya Airlines/Smartavia Samara
76%
Air China/China Southern Airlines Ürümqi
76%
Aeroflot Ankara
72%
Beijing Capital Airlines Hangzhou
72%
Aeroflot/AlMasria Universal Airlines/Rossiya Airlines Hurghada
72%
Aeroflot/Pobeda Irkutsk
72%
Aeroflot/Pobeda/Smartavia Novosibirsk
72%
Aeroflot/Air Cairo/AlMasria Universal Airlines/Red Sea Airlines/Rossiya Airlines/Sky Vision Airlines Sharm El Sheikh
72%
China Southern Airlines Shenzhen
72%
Aeroflot/Pobeda/Rossiya Airlines Volgograd
72%
China Eastern Airlines Xi'an
72%
Aeroflot/Pobeda Omsk
69%
Aeroflot Phuket
69%
Aeroflot Grozny
66%
Aeroflot Krasnodar
66%
Aeroflot/Rossiya Airlines Nizhny Novgorod
66%
Aeroflot/Southwind Airlines Bodrum
62%
Aeroflot/Rossiya Airlines Khabarovsk
62%
Aeroflot/Pobeda Krasnoyarsk
62%
Aeroflot/Nordwind Airlines/Pobeda Perm
62%
Aeroflot/Nordwind Airlines/Pobeda/Rossiya Airlines/Smartavia Astrakhan
59%
Aeroflot/Southwind Airlines Dalaman
59%
Hainan Airlines Haikou
59%
Aeroflot/Nordwind Airlines/Pobeda/Smartavia Makhachkala
59%
Mahan Air Mashhad
59%
Nordwind Airlines Pyongyang
59%
Beijing Capital Airlines Qingdao
59%
Aeroflot/Pobeda Tomsk
59%
Aeroflot Yakutsk
59%
Belavia Gomel
55%
Aeroflot Havana
55%
Aeroflot Malé
55%
Aeroflot Petropavlovsk-Kamchatsky
55%
Aeroflot/Rossiya Airlines/Smartavia Arkhangelsk (Talagi)
52%
Aeroflot/Nordwind Airlines/Smartavia Orenburg
52%
China Eastern Airlines Shenyang
52%
Aeroflot Adana/Mersin
48%
Rossiya Airlines Atyrau
48%
Rossiya Airlines Magadan
48%
Aeroflot/Nordwind Airlines/Pobeda/Rossiya Airlines Mineralnye Vody
48%
Aeroflot Osh
48%
Aeroflot Sanya
48%
Aeroflot/Pobeda Saratov
48%
Aeroflot/Smartavia Ulan-Ude
48%
Aeroflot Aqtau
45%
Aeroflot Bukhara
45%
Aeroflot Colombo (Bandaranaike)
45%
Aeroflot Fergana
45%
Aeroflot/Rossiya Airlines Yuzhno-Sakhalinsk
45%
Aeroflot Abakan
41%
Rossiya Airlines Anadyr
41%
Oman Air Salalah
41%
Aeroflot/Nordwind Airlines/Pobeda/Rossiya Airlines Tyumen
41%
Aeroflot/Pobeda Barnaul
38%
Aeroflot/Rossiya Airlines Izhevsk
38%
Aeroflot Kemerovo
38%
Rossiya Airlines Samarqand
38%
Aeroflot Urgench
38%
Aeroflot Denpasar
34%
Severstal Avia Petrozavodsk
34%
Aeroflot/Pobeda Stavropol
34%
Aeroflot Goa (Mopa)
31%
Aeroflot Khanty-Mansiysk
31%
Nordwind Airlines Saransk
31%
Rossiya Airlines Blagoveshchensk
28%
Aeroflot/Pobeda Cheboksary
28%
Pobeda Kirov
28%
Aeroflot/Rossiya Airlines Penza
28%
Yamal Airlines Salekhard
28%
Aeroflot Surgut
28%
Aeroflot/Rossiya Airlines Syktyvkar
28%
Severstal Avia Apatity/Kirovsk
24%
Severstal Avia Cherepovets
24%
Belavia Homiel
24%
Aeroflot Novokuznetsk
24%
Aeroflot/Pobeda/Rossiya Airlines Ulyanovsk (Baratayevka)
24%
Aeroflot/Nordwind Airlines/Pobeda Vladikavkaz
24%
Aeroflot/Rossiya Airlines Magnitogorsk
21%
Aeroflot Mahé
21%
Aeroflot Mauritius
21%
Aeroflot/Pobeda Nizhnekamsk
21%
Aeroflot Nizhnevartovsk
21%
Aeroflot/Nordwind Airlines Orsk
21%
Aeroflot Şymkent
21%
Aeroflot Elista
17%
Aeroflot Gorno-Altaysk
17%
Pobeda Nalchik
17%
Aeroflot/Nordwind Airlines Nha Trang
17%
Yamal Airlines Novy Urengoy
14%
Aeroflot Enfidha
10%
Aeroflot Gelendzhik
10%
Nordwind Airlines Holguín
10%
Aeroflot/Pobeda Magas
10%
Rossiya Airlines Qarağandy
10%
Severstal Avia Ukhta
10%
Nordwind Airlines Bokhtar
7%
Aeroflot Issyk-Kul
7%
Nordwind Airlines Porlamar
7%
Aeroflot Varadero
7%
Rossiya Airlines Qostanai
3%
No matching quizzes found
Score Distribution
Percent of People with Each Score
Percentile by Number Answered
Your Score History
You have not taken this quiz since the last reset